50 Biggest cities in Austria. - Statistics

General Stats
  • This quiz has been taken 97 times
  • The average score is 21 of 50
Answer Stats
# Population City % Correct
2. 273,838 Graz
98%
1. 1,840,573 Vienna
98%
4. 148,420 Salzburg
95%
3. 198,181 Linz
94%
5. 126,851 Innsbruck
92%
6. 97,827 Klagenfurt am Wörthersee
91%
9. 52,716 Sankt Pölten
79%
7. 60,480 Villach
77%
8. 59,853 Wels
74%
11. 43,019 Wiener Neustadt
73%
14. 28,697 Bregenz
71%
43. 13,674 Eisenstadt
71%
10. 47,420 Dornbirn
59%
23. 23,173 Amstetten
56%
12. 38,273 Steyr
56%
19. 24,680 Leoben
55%
13. 30,056 Feldkirch
52%
16. 26,466 Klosterneuburg
48%
18. 25,083 Wolfsberg
47%
17. 25,328 Baden bei Wien
45%
27. 18,401 Kufstein
44%
41. 14,005 Bludenz
41%
25. 20,619 Mödling
38%
29. 17,140 Schwechat
38%
26. 20,603 Hallein
36%
34. 15,788 Tulln
35%
46. 13,104 Gmunden
32%
21. 23,892 Traun
32%
24. 21,894 Lustenau
29%
31. 16,235 Stockerau
27%
20. 23,992 Krems an der Donau
26%
15. 26,934 Leonding
26%
47. 13,048 Wörgl
24%
42. 13,813 Bad Ischl
23%
30. 16,380 Braunau am Inn
23%
22. 23,181 Kapfenberg
21%
32. 16,216 Saalfelden
21%
36. 15,549 Spittal an der Drau
21%
37. 15,224 Telfs
21%
44. 13,587 Schwaz
18%
50. 15,803 Bruck an der Mur
17%
35. 15,674 Hohenems
17%
33. 15,822 Ansfelden
14%
45. 13,245 Hall in Tirol
12%
28. 18,326 Traiskirchen
12%
38. 14,880 Perchtoldsdorf
9%
39. 14,823 Ternitz
9%
49. 12,730 Marchtrenk
8%
40. 14,269 Feldkirchen in Kärnten
5%
48. 12,791 Wals-Siezenheim
2%
No matching quizzes found
Score Distribution
Percent of People with Each Score
Percentile by Number Answered
Your Score History
You have not taken this quiz